00629 2200205 4500001002100000005001500021035002000036007000300056008003900059082000700098084001300105100003200118245011700150250001000267260004500277300002500322650002400347650003700371990001500408INLIS00000000000891120260410121717 a0010-1125000207ta260410 | | |  a12 a12 BLA s0 aBLASIUS RIKARDUS NONG WOHEN1 aSTRATEGI KOMUNIKASI NASABAH DALAM MELAKUKAN PINJAMAN ONLINE DI KOTA PALANGKA RAYA /cBLASIUS RIKARDUS NONG WOHEN aCet 1 aPalangkaraya :bPerpustakaan UMPR,c2024 axiv, 46 hlm :bilus. 4aStrategi Komunikasi 4aPinjaman Online (Fintech Lending a2012023370